Зоны экономического благоприятствования как фактор экономического развития региона; Прогрессивные технологии и экономика в машиностроении

Bibliografiske detaljer
Parent link:Прогрессивные технологии и экономика в машиностроении.— 2015.— [С. 398-400]
Hovedforfatter: Полевикова М. Г.
Institution som forfatter: Национальный исследовательский Томский политехнический университет (ТПУ) Юргинский технологический институт (филиал) (ЮТИ) Кафедра экономики и автоматизироанных систем управления (ЭАСУ)
Andre forfattere: Латыпова А. С. (научный руководитель), Трифонов В. А. Владимир Александрович
Summary:Заглавие с экрана
Sprog:russisk
Udgivet: 2015
Serier:Экономика, менеджмент и маркетинг на предприятии
Fag:
Online adgang:http://earchive.tpu.ru/handle/11683/17715
http://www.lib.tpu.ru/fulltext/c/2015/C57/171.pdf
Format: MixedMaterials Electronisk Book Chapter
KOHA link:https://koha.lib.tpu.ru/cgi-bin/koha/opac-detail.pl?biblionumber=611865

MARC

LEADER 00000naa2a2200000 4500
001 611865
005 20260417124520.0
035 |a (RuTPU)RU\TPU\conf\9712 
035 |a RU\TPU\conf\9710 
090 |a 611865 
100 |a 20150422d2015 k y0rusy50 ca 
101 0 |a rus 
102 |a RU 
135 |a drgn ---uucaa 
181 0 |a i  
182 0 |a b 
200 1 |a Зоны экономического благоприятствования как фактор экономического развития региона  |f М. Г. Полевикова, А. С. Латыпова  |g науч. рук. В. А. Трифонов 
203 |a Текст  |c электронный 
215 |a 1 файл(270 Кб) 
225 1 |a Экономика, менеджмент и маркетинг на предприятии 
300 |a Заглавие с экрана 
320 |a [Библиогр.: с. 399-400 (10 назв.)] 
337 |a Adobe Reader 
463 1 |0 (RuTPU)RU\TPU\conf\9525  |t Прогрессивные технологии и экономика в машиностроении  |o сборник трудов VI Всероссийской научно-практической конференции для студентов и учащейся молодежи, 9-11 апреля 2015 г., Юрга  |f Национальный исследовательский Томский политехнический университет (ТПУ), Юргинский технологический институт (ЮТИ) ; под ред. Д. А. Чинахова  |v [С. 398-400]  |d 2015 
610 1 |a электронный ресурс 
610 1 |a труды учёных ТПУ 
610 1 |a экономическое развитие 
610 1 |a регионы 
700 1 |a Полевикова  |b М. Г. 
701 1 |a Латыпова  |b А. С. 
702 1 |a Трифонов  |b В. А.  |c экономист  |c доцент Юргинского технологического института Томского политехнического университета, кандидат экономических наук  |f 1964-  |g Владимир Александрович  |4 727  |9 15978 
712 0 2 |a Национальный исследовательский Томский политехнический университет (ТПУ)  |b Юргинский технологический институт (филиал) (ЮТИ)  |b Кафедра экономики и автоматизироанных систем управления (ЭАСУ)  |3 (RuTPU)RU\TPU\col\18900 
801 1 |a RU  |b 63413507  |c 20101016 
801 2 |a RU  |b 63413507  |c 20210212  |g RCR 
856 4 |u http://earchive.tpu.ru/handle/11683/17715 
856 4 |u http://www.lib.tpu.ru/fulltext/c/2015/C57/171.pdf 
942 |c BK